000 00632nam a22002057a 4500
999 _c9758
_d9758
003 AR-CdUCM
008 190328b ||||| |||| 00| 0 spa d
040 _aMUNICIPALIDAD PROVINCIAL DEL CUSCO
_cBIBLIOTECA MUNICIPAL DEL CUSCO
082 _aC / 869.56 /
_bV32Z
100 _aVargas Vicuña, E.
_926188
245 _aZora, Imagen de Poesia /
260 _aLima :
_bAlbino y Julio Olivera ,
_c1964.
300 _c21.7 cm.
500 _aDedicatoria del mismo autor a Luis Nieto.
650 _aPoesia Peruana
_9280
650 _aPoesia Contemporanea
_93298
650 _aPoesia Limeña
_917928
942 _2ddc
_cLIBROS
945 _artm